The service challenge : how well is the UK office industry serving its customers? (Record no. 102116)

MARC details
000 -LEADER
fixed length control field 00854cam a2200229 4500
001 - CONTROL NUMBER
control field J118220
008 - FIXED-LENGTH DATA ELEMENTS--GENERAL INFORMATION
fixed length control field 020529n2002 000 0 eng u
035 ## - SYSTEM CONTROL NUMBER
System control number (Sirsi) u118220
050 ## - LIBRARY OF CONGRESS CALL NUMBER
Classification number 333.3370941
110 ## - MAIN ENTRY--CORPORATE NAME
Corporate name or jurisdiction name as entry element British Council for Offices
9 (RLIN) 3992
245 #4 - TITLE STATEMENT
Title The service challenge : how well is the UK office industry serving its customers?
260 ## - PUBLICATION, DISTRIBUTION, ETC.
Place of publication, distribution, etc. London
Name of publisher, distributor, etc. BCO
Date of publication, distribution, etc. 2002
300 ## - PHYSICAL DESCRIPTION
Extent 30p.
Dimensions 30cm.
350 ## - PRICE (NR) (BK AM CF MU VM SE) [OBSOLETE]
Price 75
520 ## - SUMMARY, ETC.
Summary, etc. An in depth analysis of the performance of the UK office industry which reveals that it is failing to meet the demands of occupiers and under performs its American counterpart.
650 ## - SUBJECT ADDED ENTRY--TOPICAL TERM
Topical term or geographic name entry element OCCUPIERS
650 ## - SUBJECT ADDED ENTRY--TOPICAL TERM
Topical term or geographic name entry element PROPERTY-COMMERCIAL PROPERTY-OFFICE PROPERTY-OFFICE PROPERTY MARKET
650 ## - SUBJECT ADDED ENTRY--TOPICAL TERM
Topical term or geographic name entry element OFFICES
690 ## - LOCAL SUBJECT ADDED ENTRY--TOPICAL TERM (OCLC, RLIN)
Topical term or geographic name as entry element PROPERTY-COMMERCIAL PROPERTY
710 ## - ADDED ENTRY--CORPORATE NAME
Corporate name or jurisdiction name as entry element Kingsley Lipsey Morgan
9 (RLIN) 4254
942 ## - ADDED ENTRY ELEMENTS (KOHA)
Suppress in OPAC 0
Holdings
Withdrawn status Lost status Source of classification or shelving scheme Damaged status Not for loan Home library Current library Shelving location Date acquired Total Checkouts Full call number Barcode Date last seen Date last checked out Copy number Price effective from Koha item type
    Dewey Decimal Classification     London London Folio 31/05/2002 7 F333.3370941 BRI 30065928 06/08/2019 16/07/2004 1 06/08/2019 Book